| 000 | 00369 a2200169 4500 | ||
|---|---|---|---|
| 001 | 17765 | ||
| 020 | _a9788573195491 | ||
| 040 | _cAnchieta - Bela Vista | ||
| 100 | _aWerneck, Leny | ||
| 240 | 1 | 0 |
_aMamãe perde e acha _lpor |
| 245 | 1 | 0 | _aMamãe perde e acha |
| 300 | _a32 | ||
| 362 | 0 | _a2007 | |
| 440 | 1 | _aDimensão | |
| 650 | 4 | _aLiteratura infantil | |
| 942 | _cBK | ||
| 999 |
_c17765 _d17765 |
||